Statistics for Top 10 Inter Milan best scorer

Click here to take the quiz!

General Stats

  • This quiz has been taken 38 times
  • The average score is 3 of 10

Answer Stats

GoalAnswer% Correct
123Christian Vieri
79%
284Giuseppe Meazza
76%
160Sandro Mazzola
45%
209Alessandro Altobelli
39%
171Roberto Boninsegna
27%
94Mario Corso
24%
133Istvàn Nyers
15%
158Luigi Cevenini III
12%
143Benito Lorenzi
9%
106Ermanno Aebi
9%

Score Distribution

Percentile by Number Answered

Percent of People with Each Score

Your Score History

You have not taken this quiz